B.Sc. PRACTICAL PHYSICS (Record no. 9450)

MARC details
000 -LEADER
fixed length control field 00485nam a22001697a 4500
003 - CONTROL NUMBER IDENTIFIER
control field SGT
020 ## - INTERNATIONAL STANDARD BOOK NUMBER
International Standard Book Number 8180450538
082 ## - DEWEY DECIMAL CLASSIFICATION NUMBER
Classification number 530,SAN
100 ## - MAIN ENTRY--PERSONAL NAME
Personal name SANON,GEETA
245 ## - TITLE STATEMENT
Title B.Sc. PRACTICAL PHYSICS
250 ## - EDITION STATEMENT
Edition statement 6TH
260 ## - PUBLICATION, DISTRIBUTION, ETC. (IMPRINT)
Place of publication, distribution, etc NEW DELHI
Name of publisher, distributor, etc R. CHAND & CO.
Year of Publication 2015
300 ## - PAGE DESCRIPTION
No. of Pages 714
650 ## - SUBJECT ADDED ENTRY--TOPICAL TERM
Topical term or geographic name as entry element PHYSICS
653 ## - KEYWORDS--INDEX TERM
Keyword term MECHANICS AND PROPERTIES OF MATTER, HEAT,OPTICS,SOUND,MAGNETISM, ELECTRICITY,ATOMIC AND NUCLEAR PHYSICS, SOLID STATE PHYSICS AND ELECTRONICS,
942 ## - ADDED ENTRY ELEMENTS (KOHA)
Source of classification or shelving scheme Dewey Decimal Classification
Koha item type FPS Books
Holdings
Withdrawn status Lost status Source of classification or shelving scheme Damaged status Not for loan Collection code Home library Current library Shelving location Date acquired Vendor Name Cost, normal purchase price SGTU Bill Number Full call number Accession No. (Barcode) Date last seen Bill Date Koha item type
    Dewey Decimal Classification   Not For Loan SCIENCE SGT Science & Social Sciences Library SGT Science & Social Sciences Library Reference Book 04/07/2016 AHUJA BOOKS 265.00 SGTU 6680 530,SAN PS1477 04/07/2016 03/03/2016 FPS Books